Northern Africa Capitals - Statistics

General Stats
  • This quiz has been taken 943 times
  • The average score is 6 of 9
Answer Stats
Country Capital % Correct
Egypt Cairo
95%
Algeria Algiers
93%
Tunisia Tunis
90%
Morocco Rabat
82%
Libya Tripoli
77%
Chad N'Djamena
47%
Niger Niamey
45%
Mali Bamako
42%
Mauritania Nouakchott
39%
No matching quizzes found
Score Distribution
Percent of People with Each Score
Percentile by Number Answered
Your Score History
You have not taken this quiz